| 000 | 00751nam a22001577a 4500 | ||
|---|---|---|---|
| 003 | OSt | ||
| 005 | 20151008085320.0 | ||
| 008 | 151008b xxu||||| |||| 00| 0 eng d | ||
| 040 | _cRUA | ||
| 082 | _aAVM VIT 2007 B079 Or.1 | ||
| 100 |
_92332 _aVIT, VANNY. |
||
| 245 | _autiization of pumpkin on the growth rate of chickens at animal experimental station of rua (ការប្រើប្រាស់ផ្លែល្ពៅទៅលើការលលូតលាស់របស់មាន់សាច់នៅស្ថានីយ៍ចិញ្ចឹមសត្វនៃសាកលវិទ្យាល័យភូមិន្ទកសិកម្ម) | ||
| 260 |
_aPhnom Penh _bRUA _c2007 |
||
| 300 |
_aviii, 41p. _bill. _c29cm. |
||
| 942 |
_2ddc _cAVM |
||
| 999 |
_c2198 _d2198 |
||